logo

Bir Sreshtho Munshi Abdur Rouf Library
Jhenaidah Cadet College

Small boat building / (Record no. 10306)

MARC details
000 -LEADER
fixed length control field 00711nam a22002532a 4500
001 - CONTROL NUMBER
JCCL Control Number 10306
003 - CONTROL NUMBER IDENTIFIER
JCCL marc code BD - JhCC
005 - DATE AND TIME OF LATEST TRANSACTION
control field 20180520123426.0
008 - FIXED-LENGTH DATA ELEMENTS--GENERAL INFORMATION
fixed length control field 180423s1976 enkae 001 0 eng d
020 ## - INTERNATIONAL STANDARD BOOK NUMBER
International Standard Book Number 0245526560
035 ## - SYSTEM CONTROL NUMBER
system control number OCLC ocm16281354 from D950825M
-- (BD - JhCC)10306
040 ## - CATALOGING SOURCE
Original cataloging agency UKM
Transcribing agency UKM
Modifying agency EQO
-- BD - JhCC
041 ## - LANGUAGE CODE
Language code of Book eng
050 #0 - LIBRARY OF CONGRESS CALL NUMBER
Classification number VM351
082 ## - DEWEY DECIMAL CLASSIFICATION NUMBER
Classification number 623.82/02
DDC Edition number 18
Author mark and Year GAN 1976
100 1# - MAIN ENTRY--PERSONAL NAME
Personal name Gannaway, Dave.
245 10 - TITLE STATEMENT
Title Small boat building /
Statement of responsibility, etc Dave Gannaway
260 ## - PUBLICATION, DISTRIBUTION, ETC. (IMPRINT)
Place of publication, distribution, etc Lymington :
Name of publisher, distributor, etc Nautical Publishing Co,
Date of publication, distribution, etc 1976.
300 ## - PHYSICAL DESCRIPTION
Pagination 3 -95 p. :
Other physical details ill., plans ;
Dimensions 22 cm
500 ## - GENERAL NOTE
General note Includes index
650 #0 - SUBJECT ADDED ENTRY--TOPICAL TERM
Topical term or geographic name as entry element Boatbuilding
General subdivision Amateurs' manuals
942 ## - ADDED ENTRY ELEMENTS (KOHA)
Source of classification or shelving scheme Dewey Decimal Classification
Koha item type Books
Holdings
Source of classification or shelving scheme Damaged status Not for loan Home library Current library Shelving location Date of accession Total Checkouts Full call number Barcode Date last seen Copy number Koha item type
Dewey Decimal Classification     JCC Rouf Library JCC Rouf Library General Stacks 04/23/2018   623.82/02 GAN 1976 13023 04/23/2018 C-1 Books

JCC Library | Contacts | JCC Home

Last Update on 23 September 2017
Copyright @ 2017-2020 JCC Rouf Library
Rouf Library, Jhenidah Cadet College (JCC), Bangladesh